[Event "Sautron op 14th"]
[Site "Sautron"]
[Date "2014.10.25"]
[Round "6"]
[White "Haub, Thorsten Michael"]
[Black "Loiseau, Quentin"]
[Result "0-1"]
[WhiteElo "2444"]
[BlackElo "2354"]
[Annotator "RR"]
[PlyCount "74"]
[EventDate "2014.10.26"]
[EventType "swiss"]
[EventRounds "9"]
[EventCountry "FRA"]
[SourceTitle "EXT 2015"]
[Source "ChessBase"]
[SourceDate "2014.11.20"]
[SourceVersion "1"]
[SourceVersionDate "2014.11.20"]
[SourceQuality "1"]
[TimeControl "40/5400+30:1800+30"]
[WhiteClock "0:01:15"]
[BlackClock "0:03:50"]

1. g3 {[%emt 0:00:00]} d5 {[%emt 0:00:00]} 2. Bg2 {[%emt 0:00:00]} g6 {[%emt 0:
00:07]} 3. Nf3 {[%emt 0:01:50]} Bg7 {[%emt 0:01:56]} 4. O-O {[%emt 0:00:10]} e5
{[%emt 0:00:27]} (4... c5) 5. d3 {[%emt 0:00:09]} Ne7 {[%emt 0:00:15]} 6. Nbd2
{[%emt 0:00:21]} O-O {[%emt 0:00:18]} 7. e4 {[%emt 0:00:05]} Nbc6 {[%emt 0:00:
13]} 8. c3 {[%emt 0:00:11]} a5 {[%emt 0:00:32]} 9. a4 {[%emt 0:00:09]} h6 {
[%emt 0:00:26]} 10. exd5 {[%emt 0:03:39]} Nxd5 {[%emt 0:01:09]} 11. Nc4 {
[%emt 0:01:22]} Bf5 {[%emt 0:01:09]} 12. Re1 {[%emt 0:04:43]} Re8 {[%emt 0:00:
54]} 13. Ra3 {[%emt 0:09:21] Un plan peut-être un peu trop sophistiqué car
il n'est pas facile d'activer la Rb3 mais l'allemand a joué cette position
plusieurs fois} (13. h3 Nb6 14. Nxb6 cxb6 15. Bf1 Be6 16. Nd2 Qc7 17. Nc4 Ne7
18. Qb3 Nd5 19. Qb5 Rad8 20. Bg2 Bd7 21. Qb3 Be6 22. Qb5 Re7 23. h4 Kh7 24. Re2
f5 25. Bd2 e4 26. h5 gxh5 27. dxe4 fxe4 28. Rxe4 Bf7 29. Ne3 Nf4 30. Rxe7 Qxe7
31. Nf5 Ne2+ 32. Kh2 Qe6 33. Nxg7 Kxg7 34. Be3 {1-0 (34) Markus,R (2602)
-Svidler,P (2751) Tromsoe 2014}) 13... Nb6 $1 {[%emt 0:01:09][%csl Ra3,Rd3]}
14. Nxb6 {[%emt 0:00:28]} cxb6 {[%emt 0:00:03]} 15. Bf1 {[%emt 0:00:57]} (15.
Rb3 $6 Bxd3 16. Bf1 Bxf1 17. Qxd8 Raxd8 $15 {Haub,T (2460)-Pedersen,C (2402)
Pardubice Chladek&Tintera op-A 19th 2008 (6) 0-1}) 15... Bg4 $146 {[%emt 0:01:
08]} (15... e4 16. Nh4 Ne5 $36 {Haub,T (2462)-Mertens,H (2354) BL2-West 1112
2011 (4.4) 1-0}) 16. h3 {[%emt 0:08:37]} Be6 $11 {[%emt 0:01:17][%csl Ra3,Rb3]}
17. Be3 {[%emt 0:03:53]} Qd7 {[%emt 0:08:37] Il est difficile pour les Blancs
de justifier la position de la Ra3} 18. Kh2 {[%emt 0:07:25]} Ne7 $1 {[%emt 0:
28:46]} 19. Bc1 {[%emt 0:24:32]} (19. Bxb6 Nf5) 19... Nc6 {[%emt 0:07:22]} 20.
Be3 {[%emt 0:01:13] Le signe que les Blancs se contenteraient de la nulle} Qc7
{[%emt 0:10:48]} 21. Qc1 {[%emt 0:08:44]} g5 {[%emt 0:05:58]} 22. h4 {[%emt 0:
01:10]} f5 $5 {[%emt 0:02:43]} (22... g4 23. Nd2 f5 {[%cal Gf5f4]}) 23. hxg5 {
[%emt 0:01:45]} f4 $44 {[%emt 0:01:44]} 24. Bd2 {[%emt 0:09:18]} Qf7 {[%emt 0:
04:33][%csl Rf2,Rf3] Les Blancs jouent avec la Ra3 hors-jeu et il est temps
pour les Noirs d'attaquer sur l'aile opposée.} 25. Be2 {[%emt 0:05:28]} Bg4 {
[%emt 0:06:25]} 26. g6 $5 {[%emt 0:02:55]} Qd5 {[%emt 0:06:54]} (26... Qxg6
$143 27. Nh4) 27. Qd1 {[%emt 0:01:51]} e4 $40 {[%emt 0:02:14]} 28. dxe4 {
[%emt 0:00:53]} Rxe4 {[%emt 0:01:27][%csl Re2,Rf3][%cal Ge4e2]} 29. Nh4 $2 $138
{[%emt 0:00:45] Les Blancs n'avaient plus que 03 mns pour passer le contrôle
de temps} (29. Qb3 {[%cal Gb3g8]} Qxb3 30. Rxb3 Rxe2 31. Rxe2 Bxf3 32. Re1 Ne5
(32... Rd8 33. Bxf4) 33. Bxf4 Nc4 {[%csl Rb2,Rb3][%cal Gc4b6]} 34. Rb5 Bc6 $44
{[%csl Rb5]}) 29... fxg3+ {[%emt 0:01:35]} 30. fxg3 {[%emt 0:00:33]} Rxe2+ {
[%emt 0:00:53]} 31. Rxe2 {[%emt 0:00:09]} Qc4 {[%emt 0:00:15]} 32. Qb3 {
[%emt 0:02:33]} Bxe2 {[%emt 0:00:14]} 33. Nf5 {[%emt 0:00:15]} Rf8 {[%emt 0:00:
47]} 34. Ne3 {[%emt 0:00:33]} Qxb3 {[%emt 0:00:43]} 35. Rxb3 {[%emt 0:00:06]}
Ne5 {[%emt 0:00:15]} 36. Kg2 {[%emt 0:00:26]} Rf6 {[%emt 0:00:27]} 37. Bc1 {
[%emt 0:00:46]} Bf8 {[%emt 0:00:57]} 0-1

[Event "Rohde op 12th"]
[Site "Sautron"]
[Date "2012.11.??"]
[Round "9"]
[White "Haub, Thorsten Michael"]
[Black "Ulybin, Mikhail"]
[Result "0-1"]
[WhiteElo "2469"]
[BlackElo "2529"]
[Annotator "RR"]
[PlyCount "54"]
[EventDate "2012.10.27"]
[EventType "swiss"]
[EventRounds "9"]
[EventCountry "FRA"]
[SourceTitle "EXT 2014"]
[Source "ChessBase"]
[SourceDate "2013.11.20"]
[SourceVersion "1"]
[SourceVersionDate "2013.11.20"]
[SourceQuality "1"]

1. Nf3 {01h30} d5 {83} 2. g3 g6 3. Bg2 Bg7 4. d3 (4. d4) (4. O-O) 4... e5 {79}
5. a3 {L'allemand est spécialiste des débuts lents mais cette variante a3 ne
fait pas trés bonne impression} ({Pertinent:} 5. O-O Ne7 6. e4 O-O 7. Nc3 d4 8.
Ne2 c5 9. c4 Nbc6 10. Ne1 f5 11. f4 fxe4 12. dxe4 Be6 13. b3 d3 14. Nxd3 exf4
15. Bb2 fxg3 16. Bxg7 Kxg7 17. Nef4 Qd4+ 18. Kh1 Bf7 19. Qg4 gxh2 20. Qg5 b6
21. e5 Bg8 22. Rad1 Rad8 23. Nh5+ Kh8 24. Nf6 Qc3 25. Bxc6 Rxd3 26. Ne4 Rxd1
27. Nxc3 Rdxf1+ 28. Kxh2 Nxc6 {0-1 (28) Belezky,A (2454)-Vallejo Pons,F (2697)
Deutschland 2011}) 5... Ne7 6. Nc3 O-O 7. O-O Nbc6 8. e4 dxe4 {60 Confronté а
un début inhabituel, le GMI prend beaucoup de temps} 9. dxe4 (9. Nxe4 h6 10.
Re1 b6 11. Nc3 Be6 12. Rb1 Qd7 13. Qe2 Rad8 14. Qf1 Nf5 15. Bd2 g5 16. Rec1
Rfe8 17. Ne2 e4 18. dxe4 Ba2 19. exf5 Bxb1 20. Rxb1 g4 21. Bf4 gxf3 22. Bxf3
Ne5 23. Bxe5 Bxe5 24. Qh3 Qd2 25. Qg4+ Qg5 26. Qxg5+ hxg5 27. Kf1 Bf6 28. Ke1
c5 29. h3 Re5 30. g4 c4 31. Bb7 Kg7 32. c3 Rd3 33. f3 Rd8 34. Be4 Ree8 35. Ng3
Be5 36. Nh5+ Kf8 37. Ke2 b5 {Krecak,Z (2300)-Sergel,C (2223) ICCF email 1997 1/
2-1/2}) 9... Bg4 {[%cal Gc6d4]} 10. Nd5 (10. Bg5) 10... Nxd5 11. exd5 $6 (11.
Qxd5 Qxd5 12. exd5 Nd4 13. Nxd4 exd4 $11) 11... Nd4 $36 12. c3 (12. Be3 Qf6)
12... e4 $1 13. cxd4 Qxd5 $1 {[%cal Gd5f3,Gd5h5]} 14. Re1 Bxf3 15. Bxf3 exf3 {
[%csl Rg1]} 16. Be3 Rfe8 17. Rc1 c6 18. h4 h6 {[%cal Gg6g5]} 19. b4 Rad8 {
Les Noirs ont terminé le développement et ils sont prêts а lancer l'assaut sur
le roque adverse} 20. Rc3 (20. Rc5 Qe4 {[%cal Ge4g4,Gg4h3]}) 20... Re6 (20...
g5 $5 {[%cal Ge8e6,Ge6g6,Gg6g1]}) 21. Kh2 b6 22. Qc2 g5 $1 23. Rc1 Rde8 24. a4
gxh4 25. Rg1 hxg3+ 26. Rxg3 Rg6 27. Bf4 $4 Qh5+ 0-1

[Event "Sautron op 14th"]
[Site "Sautron"]
[Date "2014.10.25"]
[Round "5"]
[White "Bedouin, Xavier"]
[Black "Zubarev, Alexander2"]
[Result "1-0"]
[WhiteElo "2324"]
[BlackElo "2588"]
[Annotator "RR"]
[PlyCount "63"]
[EventDate "2014.10.26"]
[EventType "swiss"]
[EventRounds "9"]
[EventCountry "FRA"]
[SourceTitle "EXT 2015"]
[Source "ChessBase"]
[SourceDate "2014.11.20"]
[SourceVersion "1"]
[SourceVersionDate "2014.11.20"]
[SourceQuality "1"]
[TimeControl "40/5400+30:1800+30"]
[WhiteClock "0:19:59"]
[BlackClock "0:19:43"]

1. Nf3 {[%emt 0:00:00]} Nf6 {[%emt 0:04:37]} 2. g3 {[%emt 0:00:08]} d5 {
[%emt 0:01:14]} 3. Bg2 {[%emt 0:00:34]} c6 {[%emt 0:00:17]} 4. O-O {[%emt 0:00:
31]} Bf5 {[%emt 0:00:11]} (4... Bg4) 5. d3 {[%emt 0:00:34]} e6 {[%emt 0:00:45]}
(5... h6 {[%cal Gf5h7]}) 6. Nc3 $5 {[%emt 0:03:01] Un coup assez rare} (6. Nbd2
) (6. c4 {[%csl Rb7][%cal Gd1b3]} h6 7. cxd5 exd5 8. Nc3 Be7 9. Qb3 $14 (9. Nd4
Bh7 10. e4 O-O 11. Bf4 $14 {Olafsson,F-Portisch,L Bled 1961 (19) 1-0})) 6... h6
{[%emt 0:02:24]} 7. Nd2 {[%emt 0:00:41][%cal Ge2e4]} Bh7 {[%emt 0:02:22]} (7...
Be7 8. e4 Bh7 9. Qe2 $14 {[%csl Rh7]}) 8. e4 {[%emt 0:00:27][%csl Rh7] Enferme
le Bh7} Be7 {[%emt 0:00:26]} 9. Qe2 {[%emt 0:03:58]} O-O {[%emt 0:01:18]} 10.
f4 {[%emt 0:00:46]} Na6 {[%emt 0:01:16]} (10... Nbd7 11. Kh1 a5 12. a4 Qb6 13.
g4 dxe4 14. dxe4 Qa6 15. Qf3 Bb4 16. e5 Nd5 17. Nce4 f5 18. exf6 N7xf6 19. c3
Be7 20. Ng3 Qd3 21. g5 Qxf3 22. Rxf3 hxg5 23. fxg5 Ng4 24. Nde4 Rxf3 25. Bxf3
Ne5 26. Bg2 Rf8 27. b3 Nd3 28. Bd2 Nf2+ 29. Kg1 Nxe4 30. Nxe4 Nf4 31. Bf3 Nh3+
32. Kg2 Bxe4 33. Bxe4 Nxg5 34. Bxg5 Bxg5 35. Rd1 Rd8 36. Rxd8+ Bxd8 37. Kf3 Kf7
38. Bd3 Kf6 39. Ke4 Bc7 40. h3 {Svidler,P (2749)-Potkin,V (2651) Moscow 2012 1/
2-1/2}) (10... c5 11. exd5 exd5 12. g4 Nc6 13. g5 $36 {Khairullin,I (2605)
-Vescovi,G (2660) Moscow Aeroflot op-A 9th 2010 (4) 1/2}) 11. Kh1 {[%emt 0:02:
25]} Nb4 $146 {[%emt 0:01:15]} (11... Rc8 12. g4 Nb4 13. g5 hxg5 14. fxg5 Nxe4
15. Ndxe4 dxe4 16. Nxe4 c5 17. Be3 Nd5 18. Bd2 b5 19. Rf2 c4 20. d4 Bf5 21. c3
g6 22. Ng3 Nb6 23. h4 Bd6 24. Nxf5 exf5 25. Qf3 Re8 26. Re1 Rxe1+ 27. Bxe1 Rc7
28. Re2 Re7 29. Bf2 Bc7 30. Kg1 Rxe2 31. Qxe2 Nd5 32. Qf3 Nf4 33. Qa8 Qxa8 34.
Bxa8 Nd3 35. Bc6 b4 36. cxb4 Nxb2 37. Bd5 c3 38. Bb3 Nd3 39. a3 Bb6 40. Be3 f4
41. Bf2 {Markus,R (2557)-Riazantsev,A (2638) Plovdiv 2008 0-1}) 12. Nf3 {
[%emt 0:03:09]} a5 {[%emt 0:04:30]} 13. Ne5 {[%emt 0:02:35]} (13. a3) 13... a4
$5 {[%emt 0:00:22] Joué à tempo mais les compensations pour le P sont assez
peu claires.} 14. a3 {[%emt 0:04:14]} Na6 {[%emt 0:00:13]} 15. Nxa4 {[%emt 0:
02:02] Relève le gant} dxe4 {[%emt 0:01:38]} 16. dxe4 {[%emt 0:00:40]} Qc7 {
[%emt 0:01:00]} 17. Nc3 {[%emt 0:02:17]} Nc5 {[%emt 0:03:18]} 18. b4 {[%emt 0:
02:24]} (18. Bd2 $5 {Plus souple}) 18... Ncd7 {[%emt 0:01:06]} 19. Nxd7 {
[%emt 0:05:09]} Nxd7 {[%emt 0:00:08]} 20. Bb2 {[%emt 0:00:29]} Rfc8 {[%emt 0:
10:51][%cal Gb7b5] Un plan assez risqué} (20... Rfd8 {Plus naturel}) 21. Rfc1
{[%emt 0:14:10]} b5 {[%emt 0:03:27]} 22. Nd1 $1 {[%emt 0:03:24][%cal Gc2c4,
Gc1c7]} Nb6 {[%emt 0:01:33][%csl Gc4]} 23. Ne3 {[%emt 0:00:28]} Na4 {[%emt 0:
04:56]} 24. c4 {[%emt 0:05:07]} c5 $2 {[%emt 0:13:04]} (24... Nxb2 25. Qxb2 Qb7
(25... Bf6 $2 26. e5)) 25. cxb5 {[%emt 0:05:00]} Qb6 {[%emt 0:02:22]} (25...
Qb7) 26. Be5 $1 {[%emt 0:15:33]} f6 {[%emt 0:02:06]} 27. Bc3 {[%emt 0:00:54]}
Nxc3 {[%emt 0:06:51]} 28. Rxc3 {[%emt 0:00:08]} cxb4 {[%emt 0:00:57]} 29. Rxc8+
{[%emt 0:00:14]} Rxc8 {[%emt 0:00:02]} 30. axb4 {[%emt 0:02:56]} Bxe4 $4 {
[%emt 0:10:58] Le GMI n'était pourtant pas en zeitnot mais il gaffe après
une longue réflexion.} (30... Bxb4 $8) 31. Bxe4 {[%emt 0:00:42]} Qd4 {[%emt 0:
00:20][%cal Gd4a1,Gd4e4]} 32. Nc2 {[%emt 0:01:21][%csl Rg8][%cal Ge2e4,Gc2a1,
Ge4h7] Et le GMI a oublié que sur Rc2, les Blancs font un échec
intermédiaire...} 1-0

[Event "URS-chT Cup 11th 1st league"]
[Site "Jurmala"]
[Date "1980.05.??"]
[Round "2.1"]
[White "Sturua, Zurab"]
[Black "Nei, Iivo"]
[Result "1-0"]
[WhiteElo "2420"]
[BlackElo "2400"]
[Annotator "RR"]
[PlyCount "53"]
[EventDate "1980.05.23"]
[EventType "team-tourn"]
[EventRounds "6"]
[EventCountry "LAT"]
[SourceTitle "EXT 2020"]
[Source "ChessBase"]
[SourceDate "2019.10.17"]
[SourceVersion "1"]
[SourceVersionDate "2019.10.17"]
[SourceQuality "1"]
[WhiteTeam "Gantiandi"]
[BlackTeam "Kalev"]
[WhiteTeamCountry "URS"]
[BlackTeamCountry "URS"]

1. Nf3 d5 2. g3 c6 3. Bg2 Bg4 4. O-O Nd7 5. d3 e6 (5... e5) (5... Ngf6) 6. Nbd2
Bc5 7. b3 $146 ({RR} 7. h3 Bh5 8. Qe1 Ne7 9. e4 Bb6 10. b3 Qc7 11. Kh1 O-O 12.
Bb2 Rae8 13. Nh4 g5 14. Nhf3 h6 15. b4 Bg6 16. Nb3 dxe4 17. dxe4 c5 18. Rd1
cxb4 19. Qxb4 Nc6 20. Qc3 f6 21. Ba3 Rf7 {Sturua,Z (2200)-Gurgenidze,B (2500)/
Rostov on Don 1976/MCD/0-1 (59)}) 7... f5 8. e4 $1 (8. Bb2 Ngf6 9. c4) 8... Qf6
9. Rb1 O-O-O 10. exd5 exd5 11. b4 $14 {[%cal Gb4b5]} Bd6 12. c4 Ne7 13. c5 Bc7
14. b5 $1 $36 cxb5 15. Rxb5 a6 16. Rb1 Nc6 (16... Nxc5 17. Ba3 Nd7 18. Qb3 $40)
17. d4 Nxd4 18. Bb2 Nxf3+ 19. Nxf3 Qc6 20. Bxg7 Rhe8 21. Qd2 Bxf3 22. Bxf3 Nxc5
23. Rfd1 (23. Rfc1) 23... b6 24. Qc2 Qg6 25. Bd4 $16 f4 $4 26. Qxg6 hxg6 27.
Bxc5 {[%csl Rc8][%cal Gf3g4]} 1-0

[Event "ESP-ch schev 71st"]
[Site "Leon"]
[Date "2006.11.28"]
[Round "2"]
[White "Garcia Castro, Pablo"]
[Black "Arizmendi Martinez, Julen Luis"]
[Result "0-1"]
[WhiteElo "2390"]
[BlackElo "2540"]
[Annotator "Reeh,O"]
[PlyCount "85"]
[EventDate "2006.11.27"]
[EventType "schev"]
[EventRounds "4"]
[EventCountry "ESP"]
[SourceTitle "CBM 115 Extra"]
[Source "ChessBase"]
[SourceDate "2007.01.10"]
[SourceVersion "1"]
[SourceVersionDate "2007.01.10"]
[SourceQuality "1"]

1. Nf3 Nf6 2. g3 d5 3. Bg2 c6 4. O-O Bf5 5. b3 e6 6. Bb2 h6 7. d3 Be7 8. e3 O-O
9. Qe2 a5 10. a4 Bh7 11. Kh1 {Preparing f2-f4. More natural, however, looks 11.
Nbd2 or 11.Ne5. Will f2-f4 vorbereiten. Natürlicher wirkt allerdings 11.Nbd2
oder 11.Ne5.} Na6 12. Ne1 Nd7 13. f4 Bf6 14. d4 $6 {Thank you, says the bishop
h7! Der Läufer h7 bedankt sich!} (14. Nc3) 14... c5 $15 15. c3 Nc7 ({Good was
Gut war} 15... Be7 $1 {to prepare Nd7-f6 or 15...Qb6. , um Nd7-f6 zu
ermöglichen, oder 15...Qb6.}) 16. Nd2 Ne8 17. Nd3 Rc8 18. Ne5 Nd6 19. Rac1 Be7
20. Ba3 Nxe5 21. dxe5 (21. fxe5 $1) 21... Ne4 22. Nxe4 Bxe4 23. Bxe4 dxe4 24.
Rfd1 Qb6 25. Rd7 $2 {Following Black's cool answer, this proves to be a flash
in the pan. Erweist sich nach der coolen schwarzen Antwort als ein Schlag ins
Wasser.} (25. Qc2 Qc6 26. c4 $11) {[%tqu "En","White has just attacked Black's
bishop with 25.Rd7. How do you react?","It would be a pity having to protect
the bishop with the modest 25...Rfe8, wouldn't it?","Do you see a move which
indirectly protects the attacked bishop and at the same time competes for the
d-file?","f8d8","Very good! Since White can't take on e7, Black now conquers
the d-file.",10,"b6b3","See game note.",0,"De","Weiß hat gerade mit 25.Td7 den
schwarzen Läufer angegriffen. Wie reagieren Sie?","Es wäre doch schade, den
Läufer kleinlich mit 25...Tfe8 zu decken.","Sehen Sie eine Möglichkeit, den
angegriffenen Läufer indirekt zu verteidigen und gleichzeitig etwas für die
d-Linie zu tun?","f8d8","Sehr gut! Da Weiß nicht auf e7 schlagen kann, erobert
Schwarz die d-Linie.",10,"b6b3","Siehe Partiekommentar.",0]} 25... Rfd8 $1 {
Conqering the d-file. Erobert die d-Linie.} ({Much weaker would be Viel
schwächer wäre dagegen} 25... Qxb3 26. Qb2 $1 Qxb2 27. Bxb2) 26. Rxd8+ (26.
Rxe7 Kf8 {trapping the rook. mit Turmfang.}) (26. Qd1 Qc6) 26... Rxd8 $17 {
Now the control over the d-file gives Black a clear plus. Nun gibt die
Kontrolle der d-Linie dem Nachziehenden ein klares Plus.} 27. Qc4 Rd2 28. Re1
Qc6 29. Re2 Rd1+ 30. Kg2 h5 31. Rf2 g6 ({Black can always cement his advantage
with Schwarz kann seinen Vorteil immer mit} 31... Qd5 $1 {, but maybe
something even better will turn up... festigen, aber vielleicht ergibt sich ja
noch etwas Besseres...}) 32. h3 Kg7 33. g4 hxg4 34. hxg4 {And the one to
profit from the opening of the h-file is... Und von der Öffnung der h-Linie
profitiert...} b6 35. Bb2 $2 (35. g5) 35... Bh4 $1 {... Black! ... Schwarz!}
36. Re2 {[%tqu "En","How would you continue with Black?","Black wants to get
his queen into play, starting the hunt for... the white king!","Find a way to
transfer the black queen onto the h-file without allowing White to play Qxe4.",
"c6a8","A most aggressive retreat, heading for the square h8!",10,"De","Wie
würden Sie mit Schwarz fortsetzen?","Schwarz möchte seine Dame ins Spiel
bringen, um die Jagd zu eröffnen, und zwar... auf den weißen König!","Finden
Sie einen Weg, die schwarze Dame auf die h-Linie zu überführen, ohne Weiß Dxe4
zu erlauben.","c6a8","Ein höchst aggressiver Rückzug mit Zielrichtung h8!",10]}
Qa8 $1 {An original manoeuvre to transfer the queen onto the h-file. Ein
originelles Manöver, um die Dame in die h-Linie zu überführen.} 37. b4 Qh8 38.
Qb3 {At last White hopes to chase away the black rook from the back rank, but..
. Endlich glaubt Weiß, den schwarzen Turm von der Grundreihe vertreiben zu
können, aber...} (38. Qxe4 Bd8) {[%tqu "En","Black's rook is attacked. What
would you do?","Black's queen is luring on h8...","Find a move to open the
h-file with decisive effect.","h4g3","Enabling the decisive cooperation of
Black's queen and rook.",10,"De","Der schwarze Turm ist angegriffen. Was
würden Sie tun?","Die schwarze Dame lauert auf h8...","Finden Sie eine
Möglichkeit, mit entscheidender Wirkung die h-LInie zu öffnen.","h4g3",
"Ermöglicht das entscheidende Zusammenspiel von Dame und Turm von Schwarz.",10]
} 38... Bg3 $1 {The bishop moves clears the h-file, introducing the decisive
cooperation of Black's queen and rook.. Nach diesem Läuferzug kommen Dame und
Turm von Schwarz zum entscheidenden Zusammenspiel.} 39. Kxg3 ({The rook is
untouchable: Der Turm ist tabu:} 39. Qxd1 Qh2+ 40. Kf1 Qh1#) 39... Rh1 {
And the curtain falls. Und der Vorhang fällt.} 40. f5 Qh3+ 41. Kf4 Qf3+ 42. Kg5
{[%tqu "En","Mate in two!","Watch out for the themes: Mattkombination .","",
"h1h5","",10,"De","Matt in zwei!","Beachten Sie die Motive: Mate combination .
","","h1h5","",10]} Rh5+ $1 {The final accord. Der Schlusspunkt.} 43. gxh5 {
and White resigned without waiting for 43...Qg3++. und Weiß gab auf, ohne 43...
.Qg3++ abzuwarten.} 0-1

[Event "Match/Team URS-World 20,5-19,5"]
[Site "Belgrade"]
[Date "1970.03.29"]
[Round "1.6"]
[White "Reshevsky, Samuel Herman"]
[Black "Smyslov, Vassily V"]
[Result "1/2-1/2"]
[WhiteElo "2590"]
[BlackElo "2620"]
[Annotator "Reshevsky/Smyslov"]
[PlyCount "60"]
[EventDate "1970.03.29"]
[EventType "team"]
[EventRounds "4"]
[EventCountry "YUG"]
[SourceTitle "MCL"]
[Source "ChessBase"]
[SourceDate "1999.07.01"]
[SourceVersion "1"]
[SourceVersionDate "1999.07.01"]
[SourceQuality "1"]
[WhiteTeam "World"]
[BlackTeam "Soviet Union"]
[BlackTeamCountry "URS"]
[TimeControl "40/9000:16/5400:0"]

1. g3 d5 2. Nf3 c6 3. Bg2 Bf5 (3... Bg4 {Reshevsky=:R}) 4. O-O e6 5. d3 Be7 6.
Nbd2 Nf6 7. Qe1 h6 8. e4 dxe4 (8... Bh7 9. e5 {Smyslov=:S}) 9. dxe4 Bh7 10. Qe2
Nbd7 11. e5 (11. b3 Nc5 12. Bb2 (12. e5 Nd5 $17) 12... Bxe4 13. Nxe4 (13. Bxf6
Bxf3 14. Bxe7 Bxe2 15. Bxd8 Rxd8 $19) 13... Ncxe4 $17 {R}) 11... Nd5 12. Ne4
Nc5 13. Nxc5 Bxc5 14. Nd2 Qc7 (14... Bxc2 $2 15. Qc4 {R}) 15. a3 $16 O-O 16.
Nb3 $6 $14 (16. Kh1 $142 {P f4, P e4 e5?, f4 R}) 16... Be7 17. Be4 Bxe4 18.
Qxe4 Rfd8 $10 {R} 19. Bd2 (19. a4 b6 20. a5 $1 {Smyslov}) 19... Bf8 20. Rfd1
Nb6 21. a4 (21. Ba5 Rd5 {S}) 21... Rd5 $1 {S} 22. a5 Nd7 23. Bc3 Rd8 24. Rxd5
cxd5 (24... exd5 25. Qd4 a6 26. Re1 {S}) 25. Qe3 a6 26. Bd4 Rc8 (26... Qxc2 $6
27. Rc1 Qf5 28. Rc7 $16 {R/S}) 27. c3 Qc6 28. Nc1 Nc5 29. b4 Na4 $2 {R} (29...
Nd7 {R/S}) 30. Nd3 Qb5 {Draw suggested by Smyslov.} (30... Qb5 31. Ra3 {P d2-d1
} (31. Qd2 b6 $1 32. Qc2 (32. axb6 Nxb6 33. Ra5 Nc4 34. Rxb5 Nxd2) 32... bxa5
$1 (32... Nxc3 33. axb6 $1) 33. Rxa4 axb4 34. Nc1 $1 {S}) 31... b6 32. axb6 Rb8
33. Nc5 $16 {R}) (30... Nxc3 31. Bxc3 Qxc3 32. Rc1 {S}) 1/2-1/2